Tribhuvan University Central Library
Normal view MARC view
  • Stream flow

Entry Topical Term

Number of records used in: 1

001 - CONTROL NUMBER

  • control field: 11225

003 - CONTROL NUMBER IDENTIFIER

  • control field: OSt

005 - DATE AND TIME OF LATEST TRANSACTION

  • control field: 20110114124405.0

008 - FIXED-LENGTH DATA ELEMENTS

  • fixed length control field: 110114|||a|||||| | ||| d

040 ## - CATALOGING SOURCE

  • Original cataloging agency: OSt
  • Transcribing agency: OSt

150 ## - HEADING--TOPICAL TERM

  • Topical term or geographic name as entry element: Stream flow

670 ## - SOURCE DATA FOUND

  • Source citation: Work cat.: (OSt): Paterson, A. R. 11224, A first course in fluid dynamics., 1987

670 ## - SOURCE DATA FOUND

  • Source citation: Work cat.: (OSt): Paterson, A. R. 11224, A first course in fluid dynamics., 1987